000 03343cam a22006854i 4500
003 PE-LiUPU
005 20250731170420.0
008 180221s2015 sp a r 000 0 spa d
020 _a8499699804
020 _a9788499699806
035 _a(Sirsi) a241341
040 _aPE-LiUPU
_bspa
_cPE-LiUPU
_erda
049 _aPRUA
082 0 4 _a159.9
_bV51 2015
082 0 4 _a158.3
_V39
_223
100 1 _aVerjano Díaz, Francisco,
_eautor.
245 1 0 _aTécnicas de terapia, PNL y coaching para el cambio :
_brecursos y herramientas para profesionales del sector de asistencia a personas /
_cFrancisco Verjano Díaz.
264 1 _aMadrid :
_bDíaz de Santos,
_c2015.
300 _a234 páginas :
_bilustraciones ;
_c21 centímetros
336 _atext
_2rdacontent
337 _aunmediated
_2rdamedia
338 _avolume
_2rdacarrier
504 _aBibliografía : página 233-234.
505 0 _a¿Cómo he llegado hasta aquí? -- El equilibrio, una cuestión de movimientos -- Como mantenerse estable en un mundo inestable -- ¡Balones fuera! ¡No soy yo, son los otros! -- Aprender a desconectar -- Ponga un observador en su vida -- Los mitos de la terapia -- Nada es, todo cambia -- El poder de la acción -- Cuando la batidora se pone en marcha. El circulo de la preocupación -- Me emociono, luego existo -- Informar no es comunicar -- Ponerse en el lugar del otro. La empatía -- La magia de la comunicación -- La vida es tal como me la cuento -- El poder de las semejanzas. Las metáforas -- ¿Es lo mismo, pero diferente? Similitudes y diferencias entre diferentes.
526 _aSEG68
526 _aSEG70
526 _aSEG69
526 _aSEG67
526 _aSEG43
526 _aP144
526 _aP143
526 _aP131
526 _aP122
526 _aP120
526 _aP117
526 _aP112
526 _aP110
526 _aP106
526 _aP101
526 _aP80
526 _aP59
526 _aP54
526 _aP35
526 _aP33
526 _aP30
541 _g003-001187;
541 _g002-00001573;
650 0 4 _aAsesoramiento personal.
650 0 4 _aProgramación neurolingüística.
910 _tqv
_d20180221
910 _abgr
_bksl
_cksl
_d20190807
942 _2ddc
_cBOOK
949 _a159.9 V51 2015
_wDEWEY
_c1
_iFJ10395
_lCCODEBUJ1
_mBUJ
_p24.00
_r0
_sY
_tBOOK
_u2018-02-21
_xSALUD
_PP33
_0COMPRA
_o.STAFF. Colección General Juliaca
949 _a159.9 V51 2015
_wDEWEY
_c2
_iFJ10396
_lCCODEBUJ1
_mBUJ
_p24.00
_r0
_sY
_tBOOK
_u2018-02-21
_xSALUD
_PP33
_0COMPRA
_o.STAFF. Colección General Juliaca
994 _aC0
_bPEPRU
596 _a1 3
999 _a159.9 V51 2015
_wDEWEY
_c26981
_iFJ10395
_d26981
_e2018-6-1
_f2022-1-17
_g3
_lCCODEBUJ1
_mBUJ
_n3
_p24.00
_q3
_r0
_sY
_tBOOK
_u2018-2-21
_xSALUD
_zP33
_0COMPRA
_o.STAFF. Colección General Juliaca
999 _a159.9 V51 2015
_wDEWEY
_c2
_iFJ10396
_d2019-4-24
_e2019-4-2
_f2022-1-17
_g3
_lCCODEBUJ1
_mBUJ
_n2
_p24.00
_q4
_r0
_sY
_tBOOK
_u2018-2-21
_xSALUD
_zP33
_0COMPRA
_o.STAFF. Colección General Juliaca
999 _a158.3 V39
_wDEWEY
_c1
_i80500
_f2021-11-3
_g3
_lCCODEBUL1
_mBUL
_p22.78
_r0
_sY
_tBOOK
_u2019-8-7
_xSALUD
_zP33
_0COMPRA
_1FCOMPR3
_o.STAFF. Colección Ciencias de la Salud
980 _81
_gALBERTO SANCHEZ Responsable de Automatización